New statistical domain in india (Record no. 616037)

MARC details
000 -LEADER
fixed length control field 00947nam a2200265Ia 4500
003 - CONTROL NUMBER IDENTIFIER
control field OSt
005 - DATE AND TIME OF LATEST TRANSACTION
control field 20220926010007.0
008 - FIXED-LENGTH DATA ELEMENTS--GENERAL INFORMATION
fixed length control field 220923b |||||||| |||| 00| 0 eng d
020 ## - INTERNATIONAL STANDARD BOOK NUMBER
International Standard Book Number 9789382381785
037 ## - SOURCE OF ACQUISITION
Terms of availability General Book
040 ## - CATALOGING SOURCE
Original cataloging agency RTL
Transcribing agency RTL
Language of cataloging eng
041 ## - LANGUAGE CODE
Source of code eng
Language code of text/sound track or separate title eng
100 ## - MAIN ENTRY--PERSONAL NAME
Personal name OKABE Jun-Ichi
9 (RLIN) 311599
245 #0 - TITLE STATEMENT
Title New statistical domain in india
Remainder of title An enquiry into village panchayat databases
260 ## - PUBLICATION, DISTRIBUTION, ETC.
Place of publication, distribution, etc. New Delhi
Name of publisher, distributor, etc. Tulika Books
Date of publication, distribution, etc. 2016
300 ## - PHYSICAL DESCRIPTION
Extent xviii,382p
Dimensions cm.
490 ## - SERIES STATEMENT
Series statement Wiley Series in Probability and Statistics
500 ## - GENERAL NOTE
General note Bibliography chapterwise
700 ## - ADDED ENTRY--PERSONAL NAME
Personal name BAKSHI Aparajita
9 (RLIN) 311600
942 ## - ADDED ENTRY ELEMENTS (KOHA)
Classification part Y31:7:7.2, Q6
Koha item type General Books
Source of classification or shelving scheme Colon Classification (CC)
Holdings
Withdrawn status Lost status Damaged status Not for loan Home library Current library Date acquired Source of acquisition Cost, normal purchase price Total Checkouts Full call number Barcode Date last seen Cost, replacement price Price effective from Koha item type
        Ratan Tata Library Ratan Tata Library 2022-09-26 111140, 18/09/2017, International Book Distrobutors 850.00   Y31:7:7.2 Q6 RT1583158 2022-09-26 850.00 2022-09-26 General Books
Copyright @ Delhi University Library System